Ochrana slabšej strany v pracovnom práve

Ochranná funkcia pracovného práva je jeho dominantnou funkciou, musí rešpektovať aj slovenský zákonodarca pri každej legislatívnej zmene pracovného práva aj v budúcnosti. K tomu ho zaväzujú nielen Ústava Slovenskej republiky, ako vyplýva z článku 36, ale i medzinárodné pracovné právo, právo Rady Eur...

Description complète

Enregistré dans:
Détails bibliographiques
Auteur principal: Barancová, Helena
Format: Chapitre de livre
Langue:slovaque
Sujets:
Tags: Ajouter un tag
Pas de tags, Soyez le premier à ajouter un tag!

MARC

LEADER 00000naa a2200000 4500
001 0253773
005 20190522103408.4
041 0 |a slo 
044 |a SK 
245 1 0 |a Ochrana slabšej strany v pracovnom práve  |c Helena Barancová 
520 |a Ochranná funkcia pracovného práva je jeho dominantnou funkciou, musí rešpektovať aj slovenský zákonodarca pri každej legislatívnej zmene pracovného práva aj v budúcnosti. K tomu ho zaväzujú nielen Ústava Slovenskej republiky, ako vyplýva z článku 36, ale i medzinárodné pracovné právo, právo Rady Európy, ako aj pracovné právo Európskej únie. Civilný sporový poriadok, ktorý upravuje riešenie aj pracovnoprávnych sporov pred súdom, považuje tieto spory za spory s ochranou slabšej strany, pri ktorých platia osobitné procesnoprávne pravidlá, výhodnejšie pre zamestnanca ako účastníka sporu. Analýza miery rešpektovania ochrany slabšej strany zo strany slovenského zákonodarcu pri existujúcej hmotnoprávnej úprave pracovnoprávnych vzťahov. Analýza sa sústreďuje na viaceré inštitúty pracovného práva, najmä na oblasť predzmluvných vzťahov, na otázky aktuálnej pracovnoprávnej úpravy pracovného času, na problematiku skončenia pracovného pomeru zo strany zamestnávateľa a na ďalšie oblasti. 
610 2 0 |a právo pracovné 
610 2 0 |a zákonník práce 
610 2 0 |a ústava 
610 2 0 |a vzťahy pracovnoprávne 
610 2 0 |a Slovensko 
610 2 0 |a Rada Európy 
100 1 |a Barancová, Helena